• 首页
  • 本馆介绍
  • 公告通知
  • 最新文献
  • 馆藏检索
  • 电子资源
  • 读者导购
  • 参考咨询
  • 我的图书馆
  • 登录
  • 详细信息显示
  • 放入我的书架
  • 预约/预借图书
  • 作者相关作品
  • 分类相关作品
  • 丛书相关作品
  • 出版社相关作品

书目信息

  • 表格格式
  • 工作单格式
  • 卡片格式
题名:
太平天国人物论集
    
 
作者: 苏双碧 著
分册:  
出版信息: 福州   福建人民出版社  1981.7
页数: 233页
开本: 20cm
丛书名:
单 册:
中图分类: K03
科图分类:
主题词: 史学--专题研究
电子资源:
ISBN:
000 00535nam0 2200193 45
001 0312221749
005 20031222171049.0
010    @dCNY0.65
100    @a20031222d1981 km y0chiy0120 ea
101    @achi
105    @a z 000yy
200 1  @a太平天国人物论集@ATai Ping Tian Guo Ren Wu Lun Ji@f苏双碧著@FSu Shuang Bi Zhu
210    @a福州@c福建人民出版社@d1981.7
215    @a233页@d20cm
606 0  @a史学@x专题研究
690    @aK03@v3
701 0  @a苏双碧@4著
801    @aCN@bTSTCL@c20031222
905    @a213230@dK03@e10@b75734-738@f5
    
    太平天国人物论集/苏双碧著.-福州:福建人民出版社,1981.7
    233页;20cm
    
    
    ISBN :CNY0.65
    
●
相关链接 在E读中查询图书 在五车中查询图书 在当当中查询图书 在豆瓣中查询图书


正题名:太平天国人物论集     索取号:K03/10         预约/预借

序号 登录号 条形码 馆藏地/架位号 状态 备注
1 0075734   001418781   密集书库/ [索取号:K03/10] 在馆    
2 0075735   001420224   密集书库/ [索取号:K03/10] 在馆    
3 0075736   001418184   密集书库/ [索取号:K03/10] 在馆    
4 0075737   001420242   密集书库/ [索取号:K03/10] 在馆    
5 0075738   001420233   第二样本阅览室/ [索取号:K03/10] 在馆    
唐山师范学院图书馆 欢迎您!
大连网信软件有限公司© 版权所有